000 00527cam a22002054a 4500
005 20250605164326.0
008 250528s ||||||||||||||||||||||||d
035 _a23030
020 _a9780521587969
040 _aGR-AtMCL
_bgre
_dGR-AtMCL
_eAACR2
245 1 _aTHE PSYCHOLOGY OF FACIAL EXPRESSION
250 _a1
260 _bCambridge University Press,
_c1997
300 _a400
700 1 _aFernandez-Dols Jose Miguel
_91841
700 1 _aRussell James A
_91842
942 _cBK
999 _c8071
_d8071